Contrast data mining (رقم التسجيلة. 30257)
[ عرض عادي ]
| 000 -الفاتح | |
|---|---|
| حقل البيانات ثابتة الطول | 03197cam a2200373 i 4500 |
| 001 - رقم الضبط | |
| رقم الضبط | 10112819 |
| 003 - محدد رقم الضبط | |
| رقم الضبط | OSt |
| 005 - وقت وتاريخ اخر تعامل مع التسجيلة | |
| رقم الضبط | 20150408114135.0 |
| 006 - عناصر البيانات ثابتة الطول - خصائص المادة الاضافية-معلومات عامة | |
| حقل البيانات ثابتة الطول | m d |
| 007 - الحقل الثابت للوصف المادى- معلومات عامة | |
| حقل البيانات ثابتة الطول | cr n |
| 008 - عناصر البيانات ثابتة الطول - معلومات عامة | |
| حقل البيانات ثابتة الطول | 130803s2013 flua | b 001 0 eng d |
| 020 ## - الرقم الدولى المعيارى للكتب | |
| الرقم الدولى المعيارى للكتاب | 9781439854327 (hardback : acidfree paper) |
| 035 ## - رقم ضبط النظام | |
| رقم ضبط النظام | (WaSeSS)ssj0000755359 |
| 040 ## - مصدر الفهرسة | |
| وكالة الفهرسة الأصلية | Ma-Un |
| لغة الفهرسة | eng |
| 082 00 - رقم تصنيف ديوى العشرى | |
| رقم التصنيف | 006.312 |
| رقم الطبعة | 23 |
| رقم المادة | COD |
| 210 10 - العنوان المختصر | |
| العنوان المختصر | Contrast data mining |
| 245 00 - بيان العنوان | |
| العنوان | Contrast data mining |
| بقية العنوان | concepts, algorithms, and applications / |
| بيان المسئوليه,etc | edited by Guozhu Dong and James Bailey. |
| 260 ## - PUBLICATION, DISTRIBUTION, ETC. (IMPRINT) | |
| مكان الناشر او الموزع | Boca Raton : |
| اسم الناشر او الموزع | CRC Press, Taylor & Francis Group |
| تاريخ النشر أو التوزيع | 2013. |
| 300 ## - الوصف المادى | |
| التعداد | xxiv, 410 p. : |
| تفاصيل ماديه اخرى للوعاء | ill ; |
| أبعاد الوعاء | 25 cm. |
| 490 0# - بيان السلسلة | |
| عنوان السلسلة | Chapman & Hall/CRC data mining and knowledge discovery series |
| 504 ## - تبصرة ببليوجرافية | |
| تبصرة ببليوجرافية,الخ | Includes bibliographical references (pages 363-402) and index. |
| 506 ## - تبصرة قيود الاتاحة | |
| قيود الإتاحة | License restrictions may limit access. |
| 520 ## - التبصرة الخاصة بالتعليق أو التلخيص | |
| ملخص,الخ | "Preface Contrasting is one of the most basic types of analysis. Contrasting based analysis is routinely employed, often subconsciously, by all types of people. People use contrasting to better understand the world around them and the challenging problems they want to solve. People use contrasting to accurately assess the desirability of important situations, and to help them better avoid potentially harmful situations and embrace potentially beneficial ones. Contrasting involves the comparison of one dataset against another. The datasets may represent data of different time periods, spatial locations, or classes, or they may represent data satisfying different conditions. Contrasting is often employed to compare cases with a desirable outcome against cases with an undesirable one, for example comparing the benign and diseased tissue classes of a cancer, or comparing students who graduate with university degrees against those who do not. Contrasting can identify patterns that capture changes and trends over time or space, or identify discriminative patterns that capture differences among contrasting classes or conditions. Traditional methods for contrasting multiple datasets were often very simple so that they could be performed by hand. For example, one could compare the respective feature means, compare the respective attribute-value distributions, or compare the respective probabilities of simple patterns, in the datasets being contrasted. However, the simplicity of such approaches has limitations, as it is difficult to use them to identify specific patterns that offer novel and actionable insights, and identify desirable sets of discriminative patterns for building accurate and explainable classifiers"-- |
| 650 #0 - المدخل الاضافى بالموضوع-مصطلح موضوعى | |
| مصطلح موضوعي أو اسم جغرافي كعنصر مدخل | Contrast data mining. |
| 9 (RLIN) | 36346 |
| 650 #7 - المدخل الاضافى بالموضوع-مصطلح موضوعى | |
| مصطلح موضوعي أو اسم جغرافي كعنصر مدخل | BUSINESS & ECONOMICS / Statistics. |
| مصدر الرأس أو المصطلح | bisacsh |
| 9 (RLIN) | 36347 |
| 650 #7 - المدخل الاضافى بالموضوع-مصطلح موضوعى | |
| مصطلح موضوعي أو اسم جغرافي كعنصر مدخل | COMPUTERS / Database Management / Data Mining. |
| مصدر الرأس أو المصطلح | bisacsh |
| 9 (RLIN) | 36348 |
| 650 #7 - المدخل الاضافى بالموضوع-مصطلح موضوعى | |
| مصطلح موضوعي أو اسم جغرافي كعنصر مدخل | COMPUTERS / Programming / Algorithms. |
| مصدر الرأس أو المصطلح | bisacsh |
| 9 (RLIN) | 36349 |
| 700 1# - المدخل الاضافى - اسم شخصى | |
| الإسم الشخصى | Dong, Guozhu, |
| التواريخ المصاحبة للاسم | 1957- |
| 9 (RLIN) | 36350 |
| 700 1# - المدخل الاضافى - اسم شخصى | |
| الإسم الشخصى | Bailey, James, |
| التواريخ المصاحبة للاسم | 1971 June 30- |
| 9 (RLIN) | 36351 |
| 773 #0 - مدخل المادة المضيفة | |
| العنوان | STATSnetBASE |
| 856 40 - الوصول و الموقع الالكترونى | |
| معرف المصدر الموحد | <a href="http://www.columbia.edu/cgi-bin/cul/resolve?clio10112819">http://www.columbia.edu/cgi-bin/cul/resolve?clio10112819</a> |
| تبصرة عامة | Full text available from STATSnetBASE |
| 910 ## - بيانات اختيارية للمستخدم | |
| User-option data | Library of Congress record |
| 942 ## - عناصر المدخل الإضافي( كوها) | |
| مصدر التصنيف او مخطط الترفيف | Dewey Decimal Classification |
| Koha [default] item type | كتاب |
| حالة الفقد | نموذج السعر الفعال | حالة تلف | ليس للاعارة | رقم الطلب | رقم النسخة | تاريخ الاكتساب | الموقع الحالي | الباركود | الفرع الرئيسي | Date last seen | نوع المادة فى نظام كوها | مصدر التصنيف او خطة الترفيف | Total Checkouts |
|---|---|---|---|---|---|---|---|---|---|---|---|---|---|
| 2013-08-03 | Not For Loan | 006.312 COD | 1 | 2013-08-03 | المكتبة المركزية بالمجمعة (CL) | 00206020 | المكتبة المركزية بالمجمعة (CL) | 2013-08-03 | كتاب | Dewey Decimal Classification | |||
| 2013-08-03 | 006.312 COD | 2 | 2013-08-03 | المكتبة المركزية بالمجمعة (CL) | 00206019 | المكتبة المركزية بالمجمعة (CL) | 2013-08-03 | كتاب | Dewey Decimal Classification | ||||
| 2013-08-03 | 006.312 COD | 3 | 2013-08-03 | المكتبة المركزية بالمجمعة (CL) | 00206018 | المكتبة المركزية بالمجمعة (CL) | 2013-08-03 | كتاب | Dewey Decimal Classification |
